| 000 | 00311nam a22001217a 4500 | ||
|---|---|---|---|
| 020 | _a81-219-2493-6 | ||
| 082 |
_a657 _bWAS/D |
||
| 100 | _aV.WASON | ||
| 245 |
_aWASON'S DOUBLE ENTRY BOOK KEEPING - ACCOUNTANCY _bCLASS XII |
||
| 260 |
_aDELHI _bS.CHAND & CO |
||
| 650 |
_aACCOUNTANCY FOR CLASS XII _zINDIA |
||
| 942 | _cBK | ||
| 999 |
_c607 _d607 |
||